[Event "Kolkata Bengal op"]
[Site "Kolkata"]
[Date "2019.03.16"]
[Round "3"]
[White "Koustav, Chatterjee"]
[Black "Tapan, Kr Ghosh"]
[Result "1-0"]
[WhiteElo "2358"]
[BlackElo "1533"]
[PlyCount "31"]
[EventDate "2019.03.15"]
[EventType "swiss"]
[EventRounds "9"]
[EventCountry "IND"]
[SourceTitle "CBM 190 Extra"]
[Source "ChessBase"]
[SourceDate "2019.07.15"]
[SourceVersion "1"]
[SourceVersionDate "2019.07.15"]
[SourceQuality "1"]

1. d4 Nf6 2. c4 g6 3. g3 d5 4. cxd5 Qxd5 5. Nf3 Nc6 6. Nc3 Qd8 7. Bg2 Bg7 8. d5 Nb4 9. Qa4+ c6 10. Qxb4 Nxd5 11. Nxd5 Qxd5 12. 0-0 a5 13. Qh4 Be6 14. Ng5 Qc4 15. Nxe6 Qxe6 16. Qe4 1-0